Countries Of The World: How It Should Be - Statistics

General Stats
  • This quiz has been taken 33 times
  • The average score is 18 of 33
Answer Stats
Hint Answer % Correct
The best country with a big sushi problem Japan
100%
The country that owns Palestine Israel
97%
The land of syrup and moose - that's it Canada
90%
New Ayeland New Zealand
90%
They think they're great, because they are. Mostly... United States
90%
Where the beautiful rainforests are being destroyed Brazil
83%
The other Mediterranean island nation in Europe Cyprus
83%
Where your 3$ shoes are made China
79%
There's more land area in territories then the actual country France
79%
Severe overpopulation done wrong India
76%
The Republic of Chili peppers Chile
72%
Germ central Germany
69%
Really should be part of Greece North Macedonia
69%
It's actually should be Greenland Iceland
66%
You are obviously supposed to pronounce it 'cutter' Qatar
66%
Beware, you could be annexed any momen- oh, no! Russia
66%
The world's largest jail cell North Korea
62%
Togo...but better Benin
59%
Oh, man! Oman
55%
Ripoff Australia Austria
52%
Food paradise Italy
52%
They should get their neighbor's land South Korea
52%
Severe overpopulation - done right Singapore
41%
They make quality water Fiji
31%
The start is usually boring Afghanistan
28%
Everyone thinks they have great coffee Vietnam
28%
They are starving Hungary
24%
Military base land Djibouti
21%
Your favorite miniaturized island that everyone definitely visits Nauru
14%
Commonly associated with timers East Timor
7%
The absolute best-named country in the world Kyrgyzstan
3%
The scrabble-loving country Mozambique
3%
Vanilla paradise Comoros
0%
No matching quizzes found
Score Distribution
Percent of People with Each Score
Percentile by Number Answered
Your Score History
You have not taken this quiz